| 000 | 00836nam a2200265 i 4500 | ||
|---|---|---|---|
| 003 | EG-ScBUE | ||
| 005 | 20250522132645.0 | ||
| 008 | 090203s2007 ii a f b 000 0 eng d | ||
| 020 | _a8179926214 | ||
| 020 | _a9788179926215 | ||
| 040 |
_aEG-ScBUE _beng _erda _cEG-ScBUE _dEG-ScBUE |
||
| 082 | 0 | 4 |
_222 _a533.2 _bRAM |
| 100 | 1 |
_aRamaswamy, M. C., _eauthor. |
|
| 245 | 1 | 0 |
_aGas dynamics and space propulsion / _cM. C. Ramaswamy, Ph. D. |
| 264 | 1 |
_aMumbai : _bJaico Publishing House, _c2007. |
|
| 300 | 3 |
_axiv, 341 pages : _billustrations ; _c23 cm |
|
| 336 |
_2rdacontent _atext _btxt |
||
| 337 |
_aunmediated _2rdamedia _bn |
||
| 338 |
_avolume _bnc _2rdacarrier |
||
| 500 | _aIncludes Appendices. | ||
| 504 | _aIncludes bibliographical references. | ||
| 650 | 7 |
_2BUEsh _aGas dynamics. |
|
| 655 | _vReading book | ||
| 942 |
_2ddc _cBB |
||
| 999 |
_c10620 _d10620 |
||